000 01729nam a22004697a 4500
001 000096563
003 CHAP
005 20220329143201.0
008 061122d2006 mx r 00110 spa d
010 _a93029
011 _a94001
035 _a104584
040 _cCHAP
090 _aTesis
100 1 _aCabrera Hidalgo, Anselmo de Jesús.
_916669
245 1 0 _aAplicación de un polímero orgánico hidrofílico en la producción de maíz (Zea mays L.) elotero en Chapingo, México /
_c/por Anselmo de Jesús Cabrera Hidalgo.
260 _aChapingo, Méx. :
_bEl autor,
_c2006.
300 _a74 h. :
_bilus.; gráfs.; cuadros.
502 _aTesis (Ing. Agr. Esp. en Fitotecnia) - - UACH. Departamento de Fitotecnia
590 _aALEPH
_b10
_c20130110
_lUCH01
_h1515
590 _aBATCH-UPD
_b10
_c20130110
_lUCH01
_h0925
590 _aBATCH-UPD
_b10
_c20130410
_lUCH01
_h0546
590 _aBATCH-UPD
_b10
_c20130914
_lUCH01
_h0801
590 _aBATCH-UPD
_b10
_c20140324
_lUCH01
_h1459
590 _aBATCH-UPD
_b10
_c20141002
_lUCH01
_h0832
590 _aBATCH
_b00
_c20181121
_lUCH01
_h0759
590 _aCONVERSION
_b10
_c20130109
_lUCH01
_h1351
590 _aE792CSJ
_b10
_c20130606
_lUCH01
_h1057
650 1 4 _aElote.
_936435
650 1 4 _aMaíz
_xHumedad.
_970976
650 1 4 _aMaíz
_xProducción.
_971041
650 1 4 _aMaíz
_xRendimiento.
_971051
650 1 4 _aPolímeros y polimerización.
_990281
856 _3Finding aid
_uhttp://10.13.5.2/tesis/104584.pdf
_zTeclea aquí
856 _a1
_n0001108
901 _aBK
905 _aElisama A. H.
942 _cCD
942 _n0
949 _aTesis
_bBC
_cTES
_d33724002007736
_eTS2
_fc.2
_h45963
_i104584
_si
949 _aTesis
_bBC
_cTES
_d33724002007777
_eTS1
_h45962
_i104584
_sb
999 _c93029
_d93029